| 000 | 00460nam a2200145Ia 4500 | ||
|---|---|---|---|
| 008 | 100415s9999 xx 000 0 und d | ||
| 082 |
_b1375 _a580(548) |
||
| 100 | _aTrimen , Henry | ||
| 245 | _aPlants In Illustration -Hand Book To Flora Of Ceylon | ||
| 260 |
_aLONDON _c1893 _bDULAU & CO, |
||
| 365 | _b0 | ||
| 630 | _aPlants In Illustration -Hand Book To Flora Of Ceylon | ||
| 730 | _aPlants In Illustration -Hand Book To Flora Of Ceylon | ||
| 942 | _cBOOK | ||
| 999 |
_c584431 _d584428 |
||